The Flash (CW) Characters - Statistics

General Stats
  • This quiz has been taken 177 times
  • The average score is 16 of 20
Answer Stats
Hint Answer % Correct
The Flash Barry Allen
100%
Works in STAR Labs, also known as Vibe Cisco Ramon
97%
Once a reporter, now the leader of Team Flash Iris West-Allen
96%
Detective and adoptive father of the Flash Joe West
95%
The Flash's mother Nora Allen
95%
Kid Flash Wallace West
94%
Person who Reverse Flash pretended to be for 15 years Harrison Wells
93%
The Reverse Flash Eobard Thawne
88%
Works in STAR Labs, her alter ego is Killer Frost Caitlin Snow
87%
Wrongfully imprisoned for murdering his wife Henry Allen
86%
Flash of Earth-3 Jay Garrick
85%
Earth-2 doppelganger of above Harry Wells
84%
The Elongated Man Ralph Dibny
79%
Earth-19 doppelganger of above H. R. Wells
74%
Zoom, Flash of Earth-2, and Black Flash Hunter Zolomon
71%
Daughter of above and speedster of Earth-2 Jesse Wells (Jesse Quick)
70%
CSI at CCPD, his alter ego is Alchemy Julian Albert
70%
The Thinker Clifford DeVoe
48%
General who wanted to use meta-humans as weapons Wade Eiling
38%
The Mechanic, also the wife of the Thinker Marlize DeVoe
37%
No matching quizzes found
Score Distribution
Percent of People with Each Score
Percentile by Number Answered
Your Score History
You have not taken this quiz